Plane and geodetic surveying (Record no. 103622)

MARC details
000 -LEADER
fixed length control field 01408cam a2200301 4500
008 - FIXED-LENGTH DATA ELEMENTS--GENERAL INFORMATION
fixed length control field 040621n2004 000 0 eng u
020 ## - INTERNATIONAL STANDARD BOOK NUMBER
International Standard Book Number 0415320046
020 ## - INTERNATIONAL STANDARD BOOK NUMBER
International Standard Book Number 9780203630464
035 ## - SYSTEM CONTROL NUMBER
System control number (Sirsi) u126518
041 ## - LANGUAGE CODE
Language code of text/sound track or separate title eng
050 ## - LIBRARY OF CONGRESS CALL NUMBER
Classification number 526.9
-- 22
100 ## - MAIN ENTRY--PERSONAL NAME
Personal name Johnson, Aylmer
245 ## - TITLE STATEMENT
Title Plane and geodetic surveying
Remainder of title the management of control networks
Medium [electronic resource]
260 ## - PUBLICATION, DISTRIBUTION, ETC.
Place of publication, distribution, etc. London
Name of publisher, distributor, etc. Spon
Date of publication, distribution, etc. 2004
300 ## - PHYSICAL DESCRIPTION
Extent eBook
350 ## - PRICE (NR) (BK AM CF MU VM SE) [OBSOLETE]
Price 29.99
520 ## - SUMMARY, ETC.
Summary, etc. This eBook is aimed primarily at students, this book provides detailed guidance on theoretical and practical aspects of surveying including the use of principal surveying instruments and how to convert instrument readings into useful results. Chapters cover: general principles of surveying; principal surveying activities; angle measurement and distance measurement; levelling; satellite surveying; geoids and ellipsoids; map projections; adjustment of observations; reduction of distance measurements; and reciprocal vertical angles. Appendices, glossary and bibliography.
650 ## - SUBJECT ADDED ENTRY--TOPICAL TERM
Topical term or geographic name entry element GPS
650 24 - SUBJECT ADDED ENTRY--TOPICAL TERM
Topical term or geographic name entry element EBOOK
650 ## - SUBJECT ADDED ENTRY--TOPICAL TERM
Topical term or geographic name entry element SURVEYING INSTRUMENTS
650 ## - SUBJECT ADDED ENTRY--TOPICAL TERM
Topical term or geographic name entry element GEODETIC SURVEYING
650 ## - SUBJECT ADDED ENTRY--TOPICAL TERM
Topical term or geographic name entry element PLANE SURVEYING
650 ## - SUBJECT ADDED ENTRY--TOPICAL TERM
Topical term or geographic name entry element Measurement
9 (RLIN) 6256
690 ## - LOCAL SUBJECT ADDED ENTRY--TOPICAL TERM (OCLC, RLIN)
Topical term or geographic name as entry element Geomatics
9 (RLIN) 6242
856 40 - ELECTRONIC LOCATION AND ACCESS
Uniform Resource Identifier <a href="https://www.vlebooks.com/">https://www.vlebooks.com/</a>
Public note View on VLEbooks. Logins for members only from [email protected]
942 ## - ADDED ENTRY ELEMENTS (KOHA)
Suppress in OPAC 0
Holdings
Withdrawn status Lost status Source of classification or shelving scheme Damaged status Not for loan Home library Current library Shelving location Date acquired Total Checkouts Full call number Barcode Date last seen Copy number Price effective from Koha item type Cost, normal purchase price Date last checked out Cost, replacement price
  Missing from bundle       London London Books 14/07/2004 8 526.9 30069383 06/08/2019 1 06/08/2019 Book 29.99 03/02/2009 29.99
    Dewey Decimal Classification     Virtual Virtual Books 23/09/2010   EBOOK 126518-3001 06/08/2019 1 06/08/2019 Book